UBT Library

Feeling good : (Record no. 44980)

000 -LEADER
fixed length control field 00748cam a22002294a 4500
001 - CONTROL NUMBER
control field 11831668
005 - DATE AND TIME OF LATEST TRANSACTION
control field 20180314051736.0
008 - FIXED-LENGTH DATA ELEMENTS--GENERAL INFORMATION
fixed length control field 991102s1999 nyua b 001 0 eng
010 ## - LIBRARY OF CONGRESS CONTROL NUMBER
LC control number 99461798
040 ## - CATALOGING SOURCE
Original cataloging agency DLC
Transcribing agency DLC
Modifying agency DLC
041 ## - LANGUAGE CODE
Language code of text/sound track or separate title eng
042 ## - AUTHENTICATION CODE
Authentication code pcc
080 ## - UNIVERSAL DECIMAL CLASSIFICATION NUMBER
Universal Decimal Classification number 616.852706 BUR
082 00 - DEWEY DECIMAL CLASSIFICATION NUMBER
Classification number 616.852706 BUR
Edition number 21
100 1# - Rafti
Rafti 4
101 ## - Shkurtesa
Shkurtesa SHM
245 10 - TITLE STATEMENT
Title Feeling good :
Statement of responsibility, etc David D. Burns ; preface by Aaron T. Beck.
504 ## - BIBLIOGRAPHY, ETC. NOTE
Bibliography, etc Includes bibliographical references (p. 682-691) and index.
906 ## - LOCAL DATA ELEMENT F, LDF (RLIN)
a 7
b cbc
c origcop
d 2
e ncip
f 19
g y-gencatlg
942 ## - ADDED ENTRY ELEMENTS (KOHA)
Source of classification or shelving scheme
Item type Books
Holdings
Withdrawn status Lost status Source of classification or shelving scheme Damaged status Not for loan Collection code Permanent location Current location Shelving location Date acquired Total Checkouts Full call number Barcode Date last seen Price effective from Koha item type
          Koleksioni i përgjithshem UBT - Lipjan UBT - Lipjan Koleksioni i përgjithshem 03/14/2018   616.852706 BUR 002-3001758 03/14/2018 03/14/2018 Books
UBT Library © 2015-2024. All rights reserved University Education for Business and Technology